[Event "XI Festival A"]
[Site "Trieste ITA"]
[Date "2009.08.30"]
[Round "1"]
[White "Milazzo, Mario"]
[Black "Dvirnyy, Danyyil"]
[Result "0-1"]
[WhiteElo "2068"]
[BlackElo "2440"]
[PlyCount "98"]
[EventDate "2009.08.30"]

1. c4 e5 2. Nc3 Nc6 3. g3 f5 4. Bg2 Nf6 5. d3 Be7 6. e3 O-O 7. Nge2 d6 8. O-O
Qe8 9. f4 Kh8 10. Nd5 Nxd5 11. cxd5 Nb8 12. b3 Na6 13. Bb2 Bf6 14. Qd2 Bd7 15.
Rac1 exf4 16. Bxf6 fxe3 17. Bxg7+ Kxg7 18. Qc3+ Kg8 19. Nf4 Rc8 20. Rfe1 c6 21.
Qd4 c5 22. Qxe3 Qxe3+ 23. Rxe3 Rce8 24. Rce1 Rxe3 25. Rxe3 Re8 26. Rxe8+ Bxe8
27. a3 Nc7 28. Bh3 Bg6 29. a4 Kf7 30. Kf2 Kf6 31. Ke3 Ke5 32. Kd2 Bf7 33. Kc3
Nxd5+ 34. Nxd5 Bxd5 35. b4 b6 36. bxc5 dxc5 37. Bf1 Bc6 38. a5 b5 39. Be2 Bd5
40. Bh5 b4+ 41. Kd2 Kd4 42. Be8 Be6 43. h4 h6 44. Bc6 b3 45. Bb5 c4 46. dxc4
Bxc4 47. Ba4 Bd5 48. h5 Bc4 49. a6 Bd5 0-1

[Event "XI Festival A"]
[Site "Trieste ITA"]
[Date "2009.08.30"]
[Round "1"]
[White "Mufic, Goran"]
[Black "Pasquotto, Mirko"]
[Result "1-0"]
[WhiteElo "2305"]
[BlackElo "1922"]
[PlyCount "79"]
[EventDate "2009.08.30"]

1. d4 Nf6 2. Nf3 g6 3. Bg5 Bg7 4. c3 O-O 5. Nbd2 d6 6. e4 Nbd7 7. Qc2 c5 8.
dxc5 Nxc5 9. Be2 a6 10. O-O b5 11. Rfe1 Bb7 12. Bf1 Rc8 13. a3 Qb6 14. Rad1 Ng4
15. Bh4 Rc7 16. h3 Ne5 17. Nxe5 Bxe5 18. Nf3 Bg7 19. Bg3 a5 20. e5 Bxf3 21.
gxf3 dxe5 22. Bxe5 Bxe5 23. Rxe5 b4 24. axb4 axb4 25. c4 Qf6 26. Qe2 Ne6 27.
Qe3 Ra8 28. Re1 Rca7 29. c5 Ra1 30. Rxa1 Rxa1 31. c6 Nc7 32. Rxe7 Qxc6 33. Kg2
Ne6 34. Ra7 Nf4+ 35. Qxf4 Rxa7 36. Qb8+ Kg7 37. Qxa7 Qf6 38. b3 Qg5+ 39. Kh1
Qf4 40. Qe3 1-0

[Event "XI Festival A"]
[Site "Trieste ITA"]
[Date "2009.08.30"]
[Round "1"]
[White "Piscopo, Pierluigi"]
[Black "Tonel, Giulia"]
[Result "1-0"]
[WhiteElo "2415"]
[BlackElo "2004"]
[PlyCount "63"]
[EventDate "2009.08.30"]

1. e4 c5 2. Nf3 Nc6 3. Bb5 g6 4. c3 Bg7 5. d4 Qa5 6. Ba4 cxd4 7. b4 Qb6 8. b5
Ne5 9. Nxd4 Nf6 10. f4 Nc4 11. Qe2 d5 12. exd5 Nd6 13. Bb3 O-O 14. Be3 Ng4 15.
Bg1 Qa5 16. h3 Nf6 17. Bf2 Nfe4 18. O-O Nxf2 19. Qxf2 Nxb5 20. Nxb5 Qxb5 21.
Na3 Qa6 22. Nc4 Bxc3 23. Rad1 b5 24. Ne5 Qd6 25. Qe2 a6 26. Rf3 Bb4 27. Kh1 Bb7
28. f5 Rad8 29. Qb2 a5 30. f6 h5 31. fxe7 Qxe7 32. Nxg6 1-0

[Event "XI Festival A"]
[Site "Trieste ITA"]
[Date "2009.08.30"]
[Round "1"]
[White "Pregarac, Valter"]
[Black "Doric, Darko"]
[Result "0-1"]
[WhiteElo "2098"]
[BlackElo "2468"]
[PlyCount "98"]
[EventDate "2009.08.30"]

1. d4 d5 2. c4 e6 3. Nc3 c6 4. cxd5 exd5 5. Qc2 Bd6 6. Nf3 Ne7 7. e3 Bf5 8. Bd3
Bxd3 9. Qxd3 Nd7 10. O-O Nf6 11. Bd2 O-O 12. a3 Ng6 13. b4 a6 14. Rab1 Re8 15.
a4 Ne4 16. b5 axb5 17. axb5 Re6 18. g3 h5 19. bxc6 bxc6 20. Rfc1 h4 21. Ne2 Ra3
22. Rb3 Rxb3 23. Qxb3 Qf6 24. Nf4 Nxf4 25. exf4 Nxd2 26. Nxd2 Bxf4 27. Qd3 Bxd2
28. Qxd2 Re4 29. Qc3 h3 30. Rd1 g6 31. Qd3 Kg7 32. f3 Re6 33. Kf2 Qe7 34. Rc1
Qb4 35. Rd1 Re8 36. Rb1 Qa4 37. Rd1 Qa5 38. Rc1 Qa7 39. Qd2 Re6 40. Rc2 Qe7 41.
Rc1 Qf6 42. Rd1 g5 43. Qc3 g4 44. Rd3 Re4 45. f4 Qf5 46. Qd2 Re6 47. Qd1 Qe4
48. Qf1 Kf6 49. Kg1 Kf5 0-1

[Event "XI Festival A"]
[Site "Trieste ITA"]
[Date "2009.08.30"]
[Round "1"]
[White "Suc, Timothy"]
[Black "Mazi, Leon"]
[Result "0-1"]
[WhiteElo "1991"]
[BlackElo "2362"]
[PlyCount "120"]
[EventDate "2009.08.30"]

1. d4 Nf6 2. Nf3 g6 3. c4 Bg7 4. Nc3 O-O 5. Bf4 d6 6. e3 Nfd7 7. Be2 e5 8. Bg5
f6 9. Bh4 Nc6 10. O-O g5 11. Bg3 f5 12. h3 h6 13. d5 Ne7 14. Nd2 f4 15. Bh2 Nf5
16. e4 Nd4 17. Nb5 a6 18. Nxd4 exd4 19. Nb3 Qf6 20. Bg4 c5 21. Nd2 Ne5 22. f3
Qg6 23. g3 fxg3 24. Bxg3 Nd3 25. Qb3 Be5 26. Qxd3 Bxg3 27. Kg2 Be5 28. Rg1 Qf6
29. Raf1 Rf7 30. Rf2 Bd7 31. Kf1 Kh8 32. Ke1 Bf4 33. Rff1 Rb8 34. Kd1 b5 35.
Bxd7 Rxd7 36. b3 Rf7 37. Rg4 Qd8 38. h4 gxh4 39. Rh1 Qf6 40. Rgxh4 bxc4 41.
Nxc4 Rg7 42. Rh5 Qg6 43. Qf1 Rf8 44. Qh3 Kh7 45. Kc2 Qg2+ 46. Kd3 Rf6 47. Qxg2
Rxg2 48. b4 cxb4 49. Kxd4 Rxa2 50. e5 dxe5+ 51. Nxe5 Rd2+ 52. Kc5 b3 53. Ng4
Rc2+ 54. Kd4 Rb6 55. Rf5 Bc1 56. Ne5 b2 57. Rf7+ Kg8 58. Rg1+ Bg5 59. f4 Rc1
60. fxg5 Rxg1 0-1

[Event "XI Festival A"]
[Site "Trieste ITA"]
[Date "2009.08.30"]
[Round "1"]
[White "Tratar, Marko"]
[Black "Bevilacqua, Andrea"]
[Result "1-0"]
[WhiteElo "2494"]
[BlackElo "2105"]
[PlyCount "153"]
[EventDate "2009.08.30"]

1. d4 f5 2. g3 d5 3. Bg2 Nf6 4. c4 e6 5. Nf3 Be7 6. O-O O-O 7. Qc2 c6 8. Nbd2
Ne4 9. Ne5 Nxd2 10. Bxd2 Nd7 11. Nd3 Bf6 12. e3 Kh8 13. Bb4 Re8 14. Rfd1 a5 15.
Ba3 b5 16. cxd5 cxd5 17. Bd6 Bb7 18. Rac1 Ra6 19. Qc7 Ba8 20. Ne5 Qxc7 21. Rxc7
Nxe5 22. dxe5 Bd8 23. Rc8 Bc6 24. Bf1 Bd7 25. Rc5 Rb6 26. Bc7 Rb7 27. Bxd8 Rxd8
28. Rdc1 Kg8 29. b3 Kf8 30. h4 g6 31. Be2 h6 32. g4 fxg4 33. Bxg4 Ke7 34. Be2
Rdb8 35. Bd3 g5 36. hxg5 hxg5 37. Kg2 Rh8 38. Rc7 Rxc7 39. Rxc7 Rb8 40. Kg3 Kd8
41. Rc1 b4 42. Rh1 Rb6 43. Rh8+ Kc7 44. Ra8 a4 45. Ra7+ Kc8 46. bxa4 b3 47. a5
Rb4 48. axb3 Rxb3 49. Ba6+ Kd8 50. Ra8+ Kc7 51. Kg4 Rb2 52. Rf8 Ra2 53. Kxg5
Rxa5 54. Be2 Ra2 55. Bg4 Rd2 56. f3 Re2 57. Kf4 Ra2 58. Rf6 Ra6 59. Kg5 Kd8 60.
Rh6 Ke7 61. Rh7+ Kd8 62. Kf6 Rb6 63. Re7 Rb3 64. Bxe6 Bc6 65. f4 Rxe3 66. Ra7
d4 67. Ra8+ Kc7 68. Rc8+ Kb6 69. Rd8 Kc5 70. f5 d3 71. Ke7 Rxe5 72. f6 Bb5 73.
Rc8+ Kd4 74. f7 d2 75. f8=Q Bd3 76. Qf4+ Re4 77. Qxd2 1-0

[Event "XI Festival A"]
[Site "Trieste ITA"]
[Date "2009.08.30"]
[Round "1"]
[White "Vianello, Enrico"]
[Black "Epishin, Vladimir V."]
[Result "0-1"]
[WhiteElo "2200"]
[BlackElo "2592"]
[PlyCount "62"]
[EventDate "2009.08.30"]

1. d4 g6 2. Nf3 Bg7 3. Bf4 c5 4. c3 cxd4 5. cxd4 Qb6 6. Qd2 Nf6 7. Nc3 O-O 8.
e4 d6 9. h3 Nc6 10. d5 Na5 11. Be3 Qc7 12. e5 dxe5 13. Nb5 Qd8 14. b4 e4 15.
Nfd4 Nxd5 16. bxa5 Bd7 17. Bc4 Nxe3 18. fxe3 Rc8 19. Rc1 e5 20. Nd6 Rxc4 21.
Rxc4 exd4 22. Nxb7 Qh4+ 23. Qf2 Qe7 24. Nc5 Bb5 25. Rc2 Bd3 26. Nxd3 exd3 27.
Rc4 dxe3 28. Qf4 e2 29. Kd2 Qa3 30. Rhc1 Qxa5+ 31. Rb4 Bh6 0-1

[Event "XI Festival A"]
[Site "Trieste ITA"]
[Date "2009.08.30"]
[Round "1"]
[White "Judkovsky, Yair"]
[Black "Khenkin, Igor"]
[Result "0-1"]
[WhiteElo "2244"]
[BlackElo "2634"]
[PlyCount "104"]
[EventDate "2009.08.30"]

1. e4 c6 2. d4 d5 3. e5 c5 4. dxc5 Nc6 5. Nf3 Bg4 6. Bb5 Qa5+ 7. Nc3 e6 8. Be3
Nge7 9. Qd2 Bxf3 10. gxf3 O-O-O 11. Bd4 Nxd4 12. Qxd4 Nf5 13. Qa4 Qxa4 14. Bxa4
Bxc5 15. Ne2 Nh4 16. f4 g5 17. fxg5 Nf3+ 18. Kf1 Nxe5 19. Nf4 Rdg8 20. Nd3 Bd4
21. h4 h6 22. Ke2 Nxd3 23. Kxd3 Bxb2 24. Rab1 Be5 25. gxh6 Rg4 26. Bb3 Rxh6 27.
Rbe1 Rd4+ 28. Ke3 Rdxh4 29. Rxh4 Rxh4 30. Rg1 Bd4+ 31. Kf3 Rh2 32. Rg2 Rxg2 33.
Kxg2 b5 34. a4 bxa4 35. Bxa4 a5 36. f4 Kc7 37. Kf3 Bb2 38. f5 e5 39. Ke3 Kd6
40. Bb3 e4 41. c4 Ke5 42. cxd5 Bd4+ 43. Ke2 Kxf5 44. d6 f6 45. d7 Bb6 46. Ba4
Ke5 47. Bb5 f5 48. Bc6 f4 49. Kd2 f3 50. Ba4 e3+ 51. Kd3 e2 52. Kd2 Bd8 0-1

[Event "XI Festival A"]
[Site "Trieste ITA"]
[Date "2009.08.31"]
[Round "2"]
[White "Bevilacqua, Andrea"]
[Black "Judkovsky, Yair"]
[Result "1/2-1/2"]
[WhiteElo "2105"]
[BlackElo "2244"]
[PlyCount "154"]
[EventDate "2009.08.30"]

1. e4 e5 2. Nf3 Nc6 3. d4 exd4 4. Nxd4 Nf6 5. Nc3 Bb4 6. Nxc6 bxc6 7. Bd3 d5 8.
exd5 cxd5 9. O-O O-O 10. Bg5 c6 11. Qf3 Be7 12. h3 Re8 13. Rae1 Be6 14. Ne2 c5
15. b3 c4 16. Bf5 Bxf5 17. Qxf5 g6 18. Qf3 Ne4 19. Bc1 Bf6 20. Ng3 Nxg3 21.
Rxe8+ Qxe8 22. fxg3 Bd4+ 23. Kh2 Rd8 24. Rd1 Bb6 25. Bh6 Qe6 26. bxc4 dxc4 27.
Rxd8+ Bxd8 28. Qa3 Qe7 29. Qc3 Qf6 30. Qxc4 g5 31. Qd5 a6 32. c4 Qxh6 33. Qxd8+
Kg7 34. c5 Qf6 35. Qd5 h5 36. h4 gxh4 37. Qxh5 hxg3+ 38. Kxg3 Qc3+ 39. Kh2 a5
40. Qd5 a4 41. c6 Qf6 42. Kg3 a3 43. Kg4 Qc3 44. Kf5 Qc2+ 45. Ke5 Qc3+ 46. Kd6
Qb4+ 47. Kd7 Qa4 48. Kd6 Qb4+ 49. Kc7 Qe7+ 50. Kb6 Qb4+ 51. Qb5 Qd4+ 52. Ka6
Qc3 53. Qg5+ Kh7 54. Qf5+ Kg7 55. Qe4 Kf8 56. Kb7 Qb2+ 57. Kc8 Qxa2 58. c7 Qb2
59. Kd7 Qd2+ 60. Kc6 Qc3+ 61. Kd6 a2 62. Qa8+ Kg7 63. Qxa2 Qb4+ 64. Kc6 Qc3+
65. Kd6 Qb4+ 66. Kc6 Qc3+ 67. Kb7 Qb4+ 68. Kc8 Qg4+ 69. Kd8 Qd4+ 70. Ke7 Qc5+
71. Kd8 Qd4+ 72. Kc8 Qg4+ 73. Kb8 Qb4+ 74. Ka8 Qe4+ 75. Ka7 Qd4+ 76. Kb7 Qb4+
77. Kc6 Qc3+ 1/2-1/2

[Event "XI Festival A"]
[Site "Trieste ITA"]
[Date "2009.08.31"]
[Round "2"]
[White "Doric, Darko"]
[Black "Baklan, Vladimir"]
[Result "0-1"]
[WhiteElo "2468"]
[BlackElo "2639"]
[PlyCount "74"]
[EventDate "2009.08.30"]

1. d4 Nf6 2. c4 e6 3. Nf3 b6 4. g3 Ba6 5. Qb3 Nc6 6. Nbd2 Na5 7. Qc3 c5 8. dxc5
bxc5 9. e4 d6 10. Bg2 Bb7 11. Qd3 Be7 12. O-O Nd7 13. Rd1 O-O 14. b3 Qc7 15.
Bb2 Nc6 16. Nb1 Rfd8 17. Rd2 a6 18. Qe3 Nde5 19. Nc3 Nxf3+ 20. Bxf3 Bf6 21. Bg2
Bd4 22. Qd3 Rab8 23. Kh1 Ne7 24. f4 Bc6 25. Ne2 Bxb2 26. Rxb2 d5 27. cxd5 exd5
28. Qc3 dxe4 29. Qxc5 Rb5 30. Qc4 Qb6 31. Rc1 Rbd5 32. h4 h6 33. Kh2 Rd2 34.
Rcc2 e3 35. Bxc6 Nxc6 36. Qc3 R8d3 37. Qc4 Nb4 0-1

[Event "XI Festival A"]
[Site "Trieste ITA"]
[Date "2009.08.31"]
[Round "2"]
[White "Dvirnyy, Danyyil"]
[Black "Mikhalevski, Victor"]
[Result "1/2-1/2"]
[WhiteElo "2440"]
[BlackElo "2631"]
[PlyCount "83"]
[EventDate "2009.08.30"]

1. e4 e5 2. Nf3 Nc6 3. Bb5 a6 4. Ba4 Nf6 5. O-O Be7 6. Re1 b5 7. Bb3 d6 8. c3
O-O 9. h3 Nb8 10. d4 Nbd7 11. Nbd2 Bb7 12. Bc2 Re8 13. Nf1 Bf8 14. Ng3 g6 15.
a4 c6 16. b3 Qc7 17. Bb2 Bg7 18. c4 exd4 19. Nxd4 bxc4 20. bxc4 Ne5 21. c5 dxc5
22. Nf3 Rad8 23. Qe2 Nd5 24. exd5 Nxf3+ 25. Qxf3 Bxb2 26. Rxe8+ Rxe8 27. Rb1
Be5 28. d6 Bxd6 29. Ne4 Be5 30. Nxc5 Bc8 31. Be4 Rd8 32. Rc1 Qd6 33. Bxc6 Bf5
34. g4 Bc8 35. Nb7 Qd2 36. Nxd8 Qxc1+ 37. Kg2 Qf4 38. Qxf4 Bxf4 39. Bb7 Bd7 40.
Bc6 Bc8 41. Bb7 Bd7 42. Bc6 1/2-1/2

[Event "XI Festival A"]
[Site "Trieste ITA"]
[Date "2009.08.31"]
[Round "2"]
[White "Egartner, Wolfgang"]
[Black "Suc, Timothy"]
[Result "1/2-1/2"]
[WhiteElo "2153"]
[BlackElo "1991"]
[PlyCount "90"]
[EventDate "2009.08.30"]

1. d4 f5 2. g3 Nf6 3. Bg2 e6 4. b3 c6 5. a4 d5 6. Nh3 Bd6 7. O-O a5 8. Ba3 O-O
9. c4 b6 10. Bxd6 Qxd6 11. e3 Na6 12. Nf4 Nb4 13. Nd3 Nxd3 14. Qxd3 Ba6 15. Rc1
Rac8 16. Na3 Rfd8 17. Qb1 Ne4 18. Qb2 c5 19. Nb5 Bxb5 20. cxb5 cxd4 21. exd4 f4
22. Rxc8 Rxc8 23. Rc1 Rxc1+ 24. Qxc1 fxg3 25. hxg3 Kf7 26. Bxe4 dxe4 27. Qe3
Qd5 28. Qc3 Kf6 29. b4 axb4 30. Qxb4 h6 31. Qb2 Kg6 32. a5 bxa5 33. b6 a4 34.
Qb4 e3 35. Qb1+ Kh5 36. Qd1+ Kg6 37. Qc2+ Kg5 38. f4+ Kg4 39. Qd3 Qf3 40. Qg6+
Kh3 41. Qxe6+ Kxg3 42. Qg6+ Kxf4 43. Qf7+ Ke4 44. Qb7+ Kf4 45. Qf7+ Ke4 1/2-1/2

[Event "XI Festival A"]
[Site "Trieste ITA"]
[Date "2009.08.31"]
[Round "2"]
[White "Epishin, Vladimir V."]
[Black "Piscopo, Pierluigi"]
[Result "1/2-1/2"]
[WhiteElo "2592"]
[BlackElo "2415"]
[PlyCount "62"]
[EventDate "2009.08.30"]

1. Nf3 Nf6 2. c4 g6 3. Nc3 Bg7 4. d4 O-O 5. Bg5 c5 6. e3 cxd4 7. Nxd4 Qa5 8.
Bxf6 Bxf6 9. Be2 Nc6 10. Qd2 Bg7 11. O-O d6 12. Rfd1 Bd7 13. Rac1 Rfc8 14. Nb3
Qd8 15. c5 Be6 16. cxd6 Qxd6 17. Qxd6 exd6 18. Bf3 a5 19. Na4 Nb4 20. Bxb7 Rxc1
21. Nxc1 Rb8 22. Bf3 Nxa2 23. Nxa2 Bxa2 24. Rxd6 Bxb2 25. Nxb2 Rxb2 26. h4 Bb3
27. Ra6 a4 28. Bc6 Ra2 29. e4 a3 30. Bd5 Bxd5 31. exd5 Rd2 1/2-1/2

[Event "XI Festival A"]
[Site "Trieste ITA"]
[Date "2009.08.31"]
[Round "2"]
[White "Fedorchuk, Sergey A."]
[Black "Tratar, Marko"]
[Result "1-0"]
[WhiteElo "2655"]
[BlackElo "2494"]
[PlyCount "109"]
[EventDate "2009.08.30"]

1. e4 e6 2. d4 d5 3. Nd2 c5 4. Ngf3 Nf6 5. e5 Ne4 6. Bd3 Nxd2 7. Bxd2 Nc6 8.
dxc5 Bxc5 9. c3 Bd7 10. O-O Rc8 11. Qe2 h6 12. Rad1 a5 13. b3 Qb6 14. h3 O-O
15. Nh2 f5 16. exf6 Rxf6 17. Ng4 Rf7 18. Bg6 Re7 19. Bb1 Qa6 20. Qf3 Bd6 21.
Bxh6 Rf7 22. Qe3 gxh6 23. Nxh6+ Kf8 24. Nxf7 Kxf7 25. Qh6 Bf8 26. Qg6+ Ke7 27.
Rfe1 Kd8 28. Rxe6 Bxe6 29. Qxe6 Ne7 30. Qf7 Qh6 31. c4 Rc6 32. Qf3 Qf6 33. Be4
Qxf3 34. Bxf3 Rf6 35. Bxd5 Kc7 36. g3 Nf5 37. Kg2 Bc5 38. Rd2 b6 39. h4 Ne7 40.
Be4 Re6 41. f3 Bb4 42. Rd3 Nc8 43. h5 Nd6 44. Bg6 Nb7 45. f4 Nc5 46. Rf3 Kd6
47. Bf5 Rf6 48. g4 Bd2 49. Rf2 Be3 50. Rf1 Ne6 51. Bxe6 Rxe6 52. g5 Ke7 53. h6
Kf7 54. Kf3 Bd4 55. Rd1 1-0

[Event "XI Festival A"]
[Site "Trieste ITA"]
[Date "2009.08.31"]
[Round "2"]
[White "Jacob, Volker"]
[Black "Mufic, Goran"]
[Result "1/2-1/2"]
[WhiteElo "2257"]
[BlackElo "2305"]
[PlyCount "77"]
[EventDate "2009.08.30"]

1. d4 d5 2. c4 e6 3. Nc3 Nf6 4. cxd5 exd5 5. Bg5 c6 6. e3 Bf5 7. Qf3 Be6 8.
Bxf6 Qxf6 9. Qxf6 gxf6 10. Bd3 Nd7 11. Nge2 Bd6 12. Ng3 Ke7 13. Nf5+ Bxf5 14.
Bxf5 Rag8 15. g3 Rg5 16. Bd3 f5 17. a3 a5 18. Ke2 Ke6 19. Rhc1 Ra8 20. b3 Rgg8
21. Kf3 Nf6 22. Na4 Ne4 23. Ke2 Rge8 24. f3 Nf6 25. Nc5+ Bxc5 26. Rxc5 Rg8 27.
Kf2 Ne8 28. e4 fxe4 29. fxe4 dxe4 30. Re1 Nd6 31. Bxe4 Kf6 32. Rh5 Nxe4+ 33.
Rxe4 Kg6 34. Reh4 Rh8 35. Kf3 f6 36. Rh6+ Kg7 37. R6h5 Kg6 38. Rh6+ Kg7 39.
R6h5 1/2-1/2

[Event "XI Festival A"]
[Site "Trieste ITA"]
[Date "2009.08.31"]
[Round "2"]
[White "Khenkin, Igor"]
[Black "Genocchio, Daniele"]
[Result "1/2-1/2"]
[WhiteElo "2634"]
[BlackElo "2455"]
[PlyCount "25"]
[EventDate "2009.08.30"]

1. d4 Nf6 2. c4 e6 3. Nc3 Bb4 4. f3 c5 5. d5 O-O 6. e4 Re8 7. Nge2 d6 8. Ng3 b5
9. Be2 bxc4 10. Bxc4 exd5 11. Bxd5 Nxd5 12. Qxd5 Qb6 13. O-O 1/2-1/2

[Event "XI Festival A"]
[Site "Trieste ITA"]
[Date "2009.08.31"]
[Round "2"]
[White "Kovchan, Alexander"]
[Black "Fusari, Paolo"]
[Result "1-0"]
[WhiteElo "2554"]
[BlackElo "1898"]
[PlyCount "25"]
[EventDate "2009.08.30"]

1. e4 e5 2. Nf3 f5 3. Nxe5 Qe7 4. d4 Nf6 5. Nc3 d6 6. Nc4 fxe4 7. Bg5 Bf5 8.
Ne3 Bg6 9. Ned5 Qf7 10. Bc4 Kd8 11. Nb6 Qe8 12. Nxa8 Nbd7 13. Nb5 1-0

[Event "XI Festival A"]
[Site "Trieste ITA"]
[Date "2009.08.31"]
[Round "2"]
[White "Kragelj, Igor"]
[Black "Milazzo, Mario"]
[Result "1-0"]
[WhiteElo "2232"]
[BlackElo "2068"]
[PlyCount "61"]
[EventDate "2009.08.30"]

1. d4 f5 2. g3 Nf6 3. Bg2 g6 4. Nf3 Bg7 5. O-O O-O 6. c4 d6 7. Nc3 Qe8 8. d5 a5
9. Nd4 Na6 10. e4 fxe4 11. Nxe4 Nxe4 12. Bxe4 Bh3 13. Re1 Nc5 14. Bh1 Qf7 15.
Be3 Bd7 16. Qd2 Qf6 17. Rac1 Rae8 18. Bg2 b6 19. b3 e5 20. dxe6 Nxe6 21. Nxe6
Bxe6 22. Bc6 Bf7 23. Bxe8 Rxe8 24. Bg5 Rxe1+ 25. Rxe1 Qf3 26. Qf4 Qxf4 27. Bxf4
a4 28. Re7 axb3 29. axb3 d5 30. Rxc7 dxc4 31. Rc8+ 1-0

[Event "XI Festival A"]
[Site "Trieste ITA"]
[Date "2009.08.31"]
[Round "2"]
[White "Mazi, Leon"]
[Black "Lenic, Luka"]
[Result "0-1"]
[WhiteElo "2362"]
[BlackElo "2565"]
[PlyCount "102"]
[EventDate "2009.08.30"]

1. e4 e5 2. Nf3 Nc6 3. Bc4 Nf6 4. d3 Be7 5. Bb3 O-O 6. Nbd2 d6 7. c3 Be6 8. Bc2
d5 9. O-O a6 10. exd5 Bxd5 11. Re1 Nd7 12. Nc4 Bf6 13. h3 Re8 14. Ne3 Be6 15.
Ng4 Bf5 16. Nxf6+ Qxf6 17. Ng5 Rad8 18. Qf3 Bg6 19. Qxf6 gxf6 20. Ne4 f5 21.
Ng3 Kg7 22. b4 Nf6 23. Bb2 f4 24. Ne4 Nxe4 25. dxe4 Rd2 26. Rac1 f6 27. a4 Bf7
28. Ba3 b5 29. Bb2 Bc4 30. Ba1 Red8 31. a5 Kf8 32. Red1 Ke7 33. Rxd2 Rxd2 34.
Bd1 Nd8 35. Bg4 Nf7 36. Rd1 Ra2 37. Rd7+ Kf8 38. Rxc7 Rxa1+ 39. Kh2 Ra2 40. Rc6
Rxf2 41. Rxa6 Ra2 42. h4 Bf1 43. Bf3 Bxg2 44. Bxg2 f3 45. Rxf6 fxg2 46. Rb6 Kg7
47. Rxb5 Nh6 48. a6 Ng4+ 49. Kg1 Rxa6 50. Ra5 Rc6 51. Ra3 Ne3 0-1

[Event "XI Festival A"]
[Site "Trieste ITA"]
[Date "2009.08.31"]
[Round "2"]
[White "Tonel, Giulia"]
[Black "Laco, Giuseppe"]
[Result "1-0"]
[WhiteElo "2004"]
[BlackElo "2135"]
[PlyCount "79"]
[EventDate "2009.08.30"]

1. e4 c5 2. Nf3 e6 3. c3 a6 4. d4 cxd4 5. cxd4 b5 6. Bd3 Nc6 7. Nc3 Bb7 8. O-O
Nb4 9. Bb1 d5 10. Re1 Ne7 11. a3 dxe4 12. Ng5 Nbd5 13. Ncxe4 Qb6 14. Nxf7 Kxf7
15. Ng5+ Kg8 16. Rxe6 Qc7 17. Ba2 Rc8 18. Bb3 h6 19. Ne4 Kh7 20. Nc5 g6 21.
Nxb7 Qxb7 22. Qf3 Bg7 23. Be3 Rhf8 24. Qe4 Rf6 25. Rxe7 Qxe7 26. Qxd5 Rd6 27.
Qf3 Bxd4 28. Bxh6 Qd7 29. Bf4 Rf6 30. Qg3 Rc5 31. Rd1 Rc4 32. Qh4+ Kg7 33. Bh6+
Kf7 34. Bxc4+ bxc4 35. Rxd4 Qf5 36. h3 Qb1+ 37. Kh2 Qxb2 38. Be3 c3 39. Qh7+
Ke8 40. Qd7+ 1-0

[Event "XI Festival A"]
[Site "Trieste ITA"]
[Date "2009.08.31"]
[Round "2"]
[White "Tonon, Alessandro"]
[Black "Pregarac, Valter"]
[Result "1-0"]
[WhiteElo "2248"]
[BlackElo "2098"]
[PlyCount "79"]
[EventDate "2009.08.30"]

1. Nf3 Nf6 2. d4 e6 3. g3 b5 4. Bg2 Bb7 5. O-O Be7 6. Nbd2 O-O 7. c3 c5 8. dxc5
Bxc5 9. Nb3 Be7 10. Qd3 a6 11. Rd1 d6 12. Bg5 Nbd7 13. a4 Be4 14. Qd2 Qc7 15.
Bxf6 Nxf6 16. axb5 axb5 17. Nfd4 Bxg2 18. Kxg2 Qb7+ 19. f3 d5 20. Na5 Qb6 21.
b4 e5 22. Nf5 Rae8 23. Ne3 Rd8 24. Nf5 Rde8 25. Nb3 g6 26. Nxe7+ Rxe7 27. Nc5
Qd8 28. Ra6 Ree8 29. e4 Kg7 30. exd5 e4 31. fxe4 Nxe4 32. Qd4+ Nf6 33. Rd2 Re1
34. d6 Kg8 35. d7 Nh5 36. Qf2 Re7 37. Rc6 Qa8 38. Qf3 Rd8 39. Rc7 Qb8 40. Qc6
1-0

[Event "XI Festival A"]
[Site "Trieste ITA"]
[Date "2009.08.31"]
[Round "2"]
[White "Varini, Massimo"]
[Black "Vianello, Enrico"]
[Result "0-1"]
[WhiteElo "2084"]
[BlackElo "2200"]
[PlyCount "180"]
[EventDate "2009.08.30"]

1. d4 d5 2. c4 Nc6 3. Nc3 dxc4 4. e3 e5 5. d5 Nce7 6. Bxc4 Nf6 7. Nge2 Ng6 8.
O-O a6 9. a4 Bd6 10. Ng3 O-O 11. Qc2 Re8 12. Bd3 b6 13. Bf5 Bb7 14. Rd1 Ne7 15.
e4 h6 16. Qe2 g6 17. Bh3 Kh7 18. Qf3 Neg8 19. Be3 Kg7 20. Rac1 Nh7 21. Nf1 Rf8
22. Nd2 Ng5 23. Qg3 Nxh3+ 24. gxh3 Kh7 25. Nc4 Nf6 26. Qh4 Nh5 27. Qxd8 Raxd8
28. Nxd6 Rxd6 29. Ne2 Rd7 30. Rd2 Nf6 31. f3 Ne8 32. Rdc2 f5 33. Bd2 Rff7 34.
Bc3 fxe4 35. fxe4 c6 36. dxc6 Bxc6 37. Bxe5 Bxa4 38. Rc8 Rde7 39. Bc3 Rxe4 40.
Ng3 Ree7 41. Ra1 Bd7 42. Rb8 Bxh3 43. Rxa6 Re2 44. Raa8 Rg2+ 45. Kh1 Rgf2 46.
Ra1 Bg2+ 47. Kg1 Bc6 48. Rxb6 Bd5 49. Rb5 Nc7 50. Rc5 Rg2+ 51. Kh1 Rc2+ 52. Kg1
h5 53. Re1 Rg2+ 54. Kh1 Rgf2+ 55. Kg1 Rg2+ 56. Kh1 Rxg3+ 57. Rxd5 Rxc3 58.
Rxh5+ gxh5 59. bxc3 Kg6 60. Kg2 Nd5 61. c4 Nf4+ 62. Kg3 Kf5 63. Re8 Rg7+ 64.
Kf3 Ne6 65. Rh8 Kg5 66. Ke4 Rd7 67. Ke5 Nc5 68. Rg8+ Kh4 69. Rc8 Nd3+ 70. Ke6
Rd4 71. c5 Rc4 72. c6 Nb4 73. c7 Na6 74. Kd6 Nxc7 75. Ke5 Kh3 76. Rh8 h4 77.
Rd8 Kxh2 78. Rd2+ Kg3 79. Rd3+ Kg4 80. Rd7 h3 81. Rg7+ Kf3 82. Rf7+ Kg3 83.
Rg7+ Rg4 84. Rxc7 h2 85. Rc3+ Kg2 86. Rc2+ Kh3 87. Rc3+ Rg3 88. Rc1 Rg1 89.
Rc3+ Kg4 90. Rc4+ Kg5 0-1

[Event "XI Festival A"]
[Site "Trieste ITA"]
[Date "2009.08.31"]
[Round "3"]
[White "Baklan, Vladimir"]
[Black "Kovchan, Alexander"]
[Result "1/2-1/2"]
[WhiteElo "2639"]
[BlackElo "2554"]
[PlyCount "27"]
[EventDate "2009.08.30"]

1. e4 c5 2. Nf3 d6 3. Bb5+ Nc6 4. e5 dxe5 5. Nxe5 Qd5 6. Bxc6+ bxc6 7. Nf3 Qe4+
8. Kf1 Nf6 9. d3 Qf5 10. Nbd2 g6 11. b3 Bg7 12. Bb2 O-O 13. Qe2 Ba6 14. h3
1/2-1/2

[Event "XI Festival A"]
[Site "Trieste ITA"]
[Date "2009.08.31"]
[Round "3"]
[White "Fusari, Paolo"]
[Black "Kragelj, Igor"]
[Result "0-1"]
[WhiteElo "1898"]
[BlackElo "2232"]
[PlyCount "68"]
[EventDate "2009.08.30"]

1. e4 c5 2. b4 cxb4 3. a3 d5 4. exd5 Qxd5 5. Nf3 e5 6. Qe2 Nc6 7. axb4 Bxb4 8.
c3 Be7 9. Qb5 Nf6 10. c4 Qxb5 11. cxb5 Nb4 12. Na3 e4 13. Nd4 O-O 14. Bb2 Bd7
15. Be2 Nfd5 16. O-O Bf6 17. Bc4 Rac8 18. Rab1 Nb6 19. Be2 N4d5 20. Rfc1 Rfd8
21. Nb3 Bxb2 22. Rxb2 Nf4 23. Bf1 Be6 24. g3 Nd3 25. Bxd3 Rxd3 26. Rxc8+ Nxc8
27. Nc5 Rxa3 28. Nxe6 fxe6 29. Rc2 Nd6 30. Rc7 Rd3 31. Re7 Rxd2 32. Rxe6 Kf7
33. Re5 Rb2 34. Rd5 Ke6 0-1

[Event "XI Festival A"]
[Site "Trieste ITA"]
[Date "2009.08.31"]
[Round "3"]
[White "Genocchio, Daniele"]
[Black "Dvirnyy, Danyyil"]
[Result "1/2-1/2"]
[WhiteElo "2455"]
[BlackElo "2440"]
[PlyCount "37"]
[EventDate "2009.08.30"]

1. d4 d5 2. c4 dxc4 3. e4 Nf6 4. e5 Nd5 5. Bxc4 Nb6 6. Bb3 Nc6 7. Be3 Bf5 8.
Nc3 e6 9. Nge2 Qd7 10. O-O Be7 11. Ng3 Bg6 12. f4 Na5 13. d5 Nxb3 14. Qxb3 Bd3
15. Rfd1 Bc4 16. dxe6 Qxe6 17. Qc2 O-O 18. b3 Ba6 19. Nf5 1/2-1/2

[Event "XI Festival A"]
[Site "Trieste ITA"]
[Date "2009.08.31"]
[Round "3"]
[White "Laco, Giuseppe"]
[Black "Bevilacqua, Andrea"]
[Result "0-1"]
[WhiteElo "2135"]
[BlackElo "2105"]
[PlyCount "120"]
[EventDate "2009.08.30"]

1. c4 e5 2. Nc3 Nc6 3. g3 Bc5 4. Bg2 Nf6 5. a3 a5 6. e3 O-O 7. Nge2 d6 8. d4
Ba7 9. d5 Ne7 10. h3 h6 11. b4 axb4 12. axb4 Bd7 13. O-O Nh7 14. Kh2 f5 15. f4
Ng6 16. Bf3 Nf6 17. Ng1 Bb6 18. Bd2 c6 19. Qb3 Kh8 20. Rxa8 Qxa8 21. Na4 Bc7
22. dxc6 bxc6 23. b5 e4 24. Bd1 Rb8 25. Nc3 Ba5 26. Be2 Qb7 27. Rb1 cxb5 28.
cxb5 Bd8 29. Bf1 Be8 30. Nge2 Bf7 31. Qb4 Bb6 32. Ra1 Bc5 33. Qa4 Ne7 34. Qa6
Bc4 35. Qxb7 Rxb7 36. Nd4 Bxf1 37. Rxf1 Bxd4 38. exd4 Ned5 39. Nxd5 Nxd5 40.
Rb1 Nb6 41. Kg1 Nc4 42. Bc1 d5 43. Kf1 Nd6 44. Ba3 Rxb5 45. Rxb5 Nxb5 46. Bc5
Kg8 47. Kf2 Kf7 48. Ke3 g6 49. h4 Ke6 50. Bf8 h5 51. Bc5 Kd7 52. Kd2 Kc6 53.
Kc2 Nd6 54. Kd2 Nc4+ 55. Ke2 Kb5 56. Ba7 Kb4 57. Bc5+ Kc3 58. Ba7 Na3 59. Bb6
Nc2 60. Ba5+ Kc4 0-1